000 00592 a2200217 4500
001 63752
005 20260407155937.0
008 260407a1969 arg spa d
003 AR-UNSa-BCEJYS
040 _aAR-UNSa-BCEJYS
_bspa
_cAR-UNSa-BCEJYS
080 _a657.4
_xCuentas. Sistemas Contables
245 1 0 _aEncyclopedia of accounting systems
250 _a11a. ed.
264 1 _aNew Jersey :
_bPrentice-Hall
_c1969
300 _a5 v.
_c25 cm.
041 _aspa
942 _cBK
590 _aniveau_biblio:m niveau_hierar:0
100 1 _aWilliams, Robert I.
700 1 _aDoris, Lillian
999 _c8312
_d8312